Voces contemporáneas /

Guardat en:
Dades bibliogràfiques
Autor principal: Masoliver Ródenas, Juan Antonio (autor)
Format: Llibre
Idioma:espanyol
Publicat: Barcelona, España : Acantilado, 2004, c2004
Col·lecció:(El Acantilado ; 94)
Matèries:
Etiquetes: Afegir etiqueta
Sense etiquetes, Sigues el primer a etiquetar aquest registre!

MARC

LEADER 00000nam^a2200000^a^4500
001 000171849
005 20250521000000.0
009 20260310101358.83
020 |a 84-96136-63-9 
037 |a Acervo ITESO - Biblioteca 
041 |a ESP 
082 |a 860. 9  |b MAS 
100 |a Masoliver Ródenas, Juan Antonio  |e (autor) 
245 1 0 |a Voces contemporáneas /  |c J.A. Masoliver Ródenas. 
264 4 |a Barcelona, España :  |b Acantilado,  |c 2004, c2004 
300 |a 548 p. 
336 |a texto  |b txt  |2 rdacontenido 
337 |a sin mediación  |b n  |2 rdamedio 
338 |a volumen  |b nc  |2 rdasoporte 
440 4 |a (El Acantilado ;  |v 94) 
649 |a XX 
650 |a Novela Española -  |x Historia y Crítica 
650 |a Ensayos Españoles -  |x Historia y Crítica 
650 |a Literatura Española -  |x Historia y Crítica 
650 |a Literatura Española -  |y Siglo XX 
650 |a Literatura Española -  |y Siglo XXI 
910 |a Fondo General 
920 |a Impresos - Libros 
930 |a Colección General 
940 |a Literatura 
905 |a 101 
901 |a 0500109127  |b IT1  |c LIT  |u 20250521 
902 |a https://opac.biblio.iteso.mx/vufind/Record/000171849